Catálogo público

Plantación comercial de Pinus hartwegii Lindl., en los Llanos de San Miguel Topilejo, Tlalpan, D.F. (Record no. 98215)

MARC details
000 -CABECERA
campo de control de longitud fija 01635nam a22004217a 4500
003 - IDENTIFICADOR DEL NÚMERO DE CONTROL
campo de control CHAP
005 - FECHA Y HORA DE LA ÚLTIMA TRANSACCIÓN
campo de control 20220329143534.0
008 - DATOS DE LONGITUD FIJA--INFORMACIÓN GENERAL
campo de control de longitud fija 100422s2010 mx r 00010 spa d
010 ## - NÚMERO DE CONTROL DE LA BIBLIOTECA DEL CONGRESO
Número de control de LC 98215
011 ## - ENLACE DEL NUMERO DE CONTROL DE LA BIBLIOTECA DEL CONGRESO [OBSOLETO]
Número de control de LC 99187
035 ## - NÚMERO DE CONTROL DEL SISTEMA
Número de control de sistema 109872
040 ## - FUENTE DE LA CATALOGACIÓN
Centro/agencia transcriptor CHAP
090 ## - LOCALMENTE ASIGNADO TIPO-LC NÚMERO DE CLASIFICACIÓN (OCLC); NÚMERO DE CLASIFICACIÓN LOCAL (RLIN)
Número de clasificación (OCLC) (R) ; Numero de clasificación, CALL (RLIN) (NR) Tesis
100 1# - ENTRADA PRINCIPAL--NOMBRE DE PERSONA
Nombre de persona López Baca, Carolina.
9 (RLIN) 67691
245 10 - MENCIÓN DE TÍTULO
Título Plantación comercial de Pinus hartwegii Lindl., en los Llanos de San Miguel Topilejo, Tlalpan, D.F.
Mención de responsabilidad, etc. /por Carolina López Baca y Zulma Olivia Rivera Mejía
260 ## - PUBLICACIÓN, DISTRIBUCIÓN, ETC.
Lugar de publicación, distribución, etc. Chapingo, Méx. :
Nombre del editor, distribuidor, etc. El autor,
Fecha de publicación, distribución, etc. 2010
300 ## - DESCRIPCIÓN FÍSICA
Extensión xii, 95 h. :
Otras características físicas cuadros, gráfs.
502 ## - NOTA DE TESIS
Nota de tesis Tesis (Ing. en Reforestación Forestal) -- UACH. División de Ciencias Forestales
530 ## - NOTA DE FORMATO FÍSICO ADICIONAL DISPONIBLE
Nota de formato físico adicional disponible También disponible en línea
590 ## - NOTA LOCAL (RLIN)
Nota local ALEPH
Procedencia (VM) [OBSOLETO] 10
Condición del los carretes individuales (VM) [OBSOLETO] 20130110
-- UCH01
-- 1533
590 ## - NOTA LOCAL (RLIN)
Nota local BATCH-UPD
Procedencia (VM) [OBSOLETO] 10
Condición del los carretes individuales (VM) [OBSOLETO] 20130110
-- UCH01
-- 1419
590 ## - NOTA LOCAL (RLIN)
Nota local BATCH-UPD
Procedencia (VM) [OBSOLETO] 10
Condición del los carretes individuales (VM) [OBSOLETO] 20130410
-- UCH01
-- 0902
590 ## - NOTA LOCAL (RLIN)
Nota local BATCH-UPD
Procedencia (VM) [OBSOLETO] 10
Condición del los carretes individuales (VM) [OBSOLETO] 20130914
-- UCH01
-- 1112
590 ## - NOTA LOCAL (RLIN)
Nota local BATCH-UPD
Procedencia (VM) [OBSOLETO] 10
Condición del los carretes individuales (VM) [OBSOLETO] 20140324
-- UCH01
-- 1516
590 ## - NOTA LOCAL (RLIN)
Nota local BATCH-UPD
Procedencia (VM) [OBSOLETO] 10
Condición del los carretes individuales (VM) [OBSOLETO] 20141002
-- UCH01
-- 0842
590 ## - NOTA LOCAL (RLIN)
Nota local CONVERSION
Procedencia (VM) [OBSOLETO] 10
Condición del los carretes individuales (VM) [OBSOLETO] 20130109
-- UCH01
-- 1354
650 14 - PUNTO DE ACCESO ADICIONAL DE MATERIA--TÉRMINO DE MATERIA
Término de materia o nombre geográfico como elemento de entrada Cuencas.
9 (RLIN) 30085
650 14 - PUNTO DE ACCESO ADICIONAL DE MATERIA--TÉRMINO DE MATERIA
Término de materia o nombre geográfico como elemento de entrada Ecología forestal.
9 (RLIN) 35176
650 14 - PUNTO DE ACCESO ADICIONAL DE MATERIA--TÉRMINO DE MATERIA
Término de materia o nombre geográfico como elemento de entrada Pinus hartwegii.
9 (RLIN) 88340
650 14 - PUNTO DE ACCESO ADICIONAL DE MATERIA--TÉRMINO DE MATERIA
Término de materia o nombre geográfico como elemento de entrada Plantación de árboles.
9 (RLIN) 88782
650 14 - PUNTO DE ACCESO ADICIONAL DE MATERIA--TÉRMINO DE MATERIA
Término de materia o nombre geográfico como elemento de entrada Reforestación
Subdivisión general México (D.F.)
9 (RLIN) 95499
650 14 - PUNTO DE ACCESO ADICIONAL DE MATERIA--TÉRMINO DE MATERIA
Término de materia o nombre geográfico como elemento de entrada Suelos
Subdivisión general Muestreo.
9 (RLIN) 110447
856 ## - LOCALIZACIÓN Y ACCESO ELECTRÓNICOS
Especificación de materiales Finding aid
Identificador Uniforme del Recurso <a href="http://10.13.5.2/tesis/109872.pdf">http://10.13.5.2/tesis/109872.pdf</a>
Nota pública Teclea aqui
901 ## - ELEMENTOS DE DATOS A LOCAL LDA (RLIN)
a BK
942 ## - ELEMENTOS DE PUNTO DE ACCESO ADICIONAL (KOHA)
Tipo de ítem Koha Folleto
949 ## - PROCESAMIENTO DE INFORMACIÓN LOCAL (OCLC)
a Tesis
b BC
c TES
d 33724002166496
e TS1
g DonaciØn
h 50384
i 109872
s b
949 ## - PROCESAMIENTO DE INFORMACIÓN LOCAL (OCLC)
a Tesis
b BC
c TES
d 33724002166538
e TS2
f c.2
g DonaciØn
h 50385
i 109872
s i
Holdings
Estado de retiro Estado de pérdida Fuente del sistema de clasificación o colocación Estado dañado Restricciones de uso No para préstamo Código de colección Localización permanente Ubicación/localización actual Ubicación en estantería Fecha de adquisición Fuente de adquisición Información codificada de la localización en otra ubicación Total de préstamos Signatura topográfica completa Código de barras Fecha visto por última vez Número de copia Precio válido a partir de Tipo de ítem Koha
    Clasificación Universidad Autónoma de Chapingo   Préstamo 3 días   Tesis Biblioteca Central Biblioteca Central Planta alta - Área de Tesis - Tesis 31/12/2019 Donacion TESIS   Tesis 33724002166538 31/12/2019 c.2 31/12/2019 Tesis
    Clasificación Universidad Autónoma de Chapingo   Préstamo interno   Tesis Biblioteca Central Biblioteca Central Planta alta - Área de Tesis - Tesis 31/12/2019 Donacion TESIS   Tesis 33724002166496 31/12/2019   31/12/2019 Tesis